000 00435nam a2200181Ia 4500
001 2767
005 20260306144831.0
008 260306t1998||||xx |||||||||||||| ||spa||
041 _aESP
082 _a230
_bC91
100 _aCrouzel, Henri [1919-...]
_eAUT
245 0 _aOrígenes:
_bun teólogo controvertido
260 _c1998
300 _a378 páginas :
_c20 cm.
650 _aGEN
654 _aCHU
942 _cLIB
_dJUS
_fJUS
_2ddc
_n
999 _c2767
_d2767